Aiszkhülosz a kortárs színpadra lép [absztrakt] /

Elmentve itt :
Bibliográfiai részletek
Szerző: Balázs Bálint Tibor
Testületi szerző: Országos Tudományos Diákköri Konferencia (37.)
Dokumentumtípus: Könyv része
Megjelent: Szegedi Tudományegyetem Bölcsészet- és Társadalomtudományi Kar Szeged 2025
Sorozat:Országos Tudományos Diákköri Konferencia : Humán Tudományi Szekció
Kulcsszavak:Színháztudomány - előadáskivonat, Színházművészet - előadáskivonat, Adaptáció - előadáskivonat
Tárgyszavak:
Online Access:http://acta.bibl.u-szeged.hu/87431
LEADER 01050naa a2200217 i 4500
001 acta87431
005 20250526104112.0
008 250526s2025 hu o 100 hun d
020 |a 978-963-688-043-9 
040 |a SZTE Egyetemi Kiadványok Repozitórium  |b hun 
041 |a hun 
100 1 |a Balázs Bálint Tibor 
245 1 0 |a Aiszkhülosz a kortárs színpadra lép   |h [elektronikus dokumentum] :  |b [absztrakt] /  |c  Balázs Bálint Tibor 
260 |a Szegedi Tudományegyetem Bölcsészet- és Társadalomtudományi Kar  |b Szeged  |c 2025 
300 |a 46 
490 0 |a Országos Tudományos Diákköri Konferencia : Humán Tudományi Szekció 
650 4 |a Bölcsészettudományok 
650 4 |a Művészetek (művészetek, művészettörténet, előadóművészetek, zene) 
695 |a Színháztudomány - előadáskivonat, Színházművészet - előadáskivonat, Adaptáció - előadáskivonat 
710 |a Országos Tudományos Diákköri Konferencia (37.)  |c Szeged 
856 4 0 |u http://acta.bibl.u-szeged.hu/87431/1/otdk_2025_human_046.pdf  |z Dokumentum-elérés